000 00553nam a2200193Ia 4500
001 31720
003 IN-NITTTR
005 20251114233424.0
008 251113s9999||||xx |||||||||||||| ||eng||
040 _beng
040 _cIN-NITTTR
041 _aeng
082 _a6224.7097 D26F
100 _aDas, Nandanandan
245 0 _aFine-tuning of road and building projects :
_b an outcome of practice /
_cDas, Nandanandan, Das, Aditya Kumar, Patro, Sanjaya Kumar
700 _a Das, Aditya Kumar
700 _a Patro, Sanjaya Kumar
942 _2ddc
_cBK
999 _c34350
_d34350